<?xml version="1.0" encoding="UTF-8"?><?xml-stylesheet type="text/xsl" href="static/style.xsl"?><OAI-PMH xmlns="http://www.openarchives.org/OAI/2.0/" xmlns:xsi="http://www.w3.org/2001/XMLSchema-instance" xsi:schemaLocation="http://www.openarchives.org/OAI/2.0/ http://www.openarchives.org/OAI/2.0/OAI-PMH.xsd"><responseDate>2026-04-17T15:06:00Z</responseDate><request verb="GetRecord" identifier="oai:riubu.ubu.es:10259/7664" metadataPrefix="marc">https://riubu.ubu.es/oai/request</request><GetRecord><record><header><identifier>oai:riubu.ubu.es:10259/7664</identifier><datestamp>2024-07-25T07:49:40Z</datestamp><setSpec>com_10259_9476</setSpec><setSpec>com_10259.4_106</setSpec><setSpec>com_10259_2604</setSpec><setSpec>com_10259_4201</setSpec><setSpec>com_10259_5086</setSpec><setSpec>col_10259_9477</setSpec><setSpec>col_10259_4505</setSpec></header><metadata><record xmlns="http://www.loc.gov/MARC21/slim" xmlns:doc="http://www.lyncode.com/xoai" xmlns:xsi="http://www.w3.org/2001/XMLSchema-instance" xmlns:dcterms="http://purl.org/dc/terms/" xsi:schemaLocation="http://www.loc.gov/MARC21/slim http://www.loc.gov/standards/marcxml/schema/MARC21slim.xsd">
<leader>00925njm 22002777a 4500</leader>
<datafield tag="042" ind1=" " ind2=" ">
<subfield code="a">dc</subfield>
</datafield>
<datafield tag="720" ind1=" " ind2=" ">
<subfield code="a">Santiago Herrera, Mario</subfield>
<subfield code="e">author</subfield>
</datafield>
<datafield tag="720" ind1=" " ind2=" ">
<subfield code="a">Ibáñez Porras, Jesús</subfield>
<subfield code="e">author</subfield>
</datafield>
<datafield tag="720" ind1=" " ind2=" ">
<subfield code="a">De Pamphilis, Marco</subfield>
<subfield code="e">author</subfield>
</datafield>
<datafield tag="720" ind1=" " ind2=" ">
<subfield code="a">Alegre Calderón, Jesús Manuel</subfield>
<subfield code="e">author</subfield>
</datafield>
<datafield tag="720" ind1=" " ind2=" ">
<subfield code="a">Tamayo Ramos, Juan Antonio</subfield>
<subfield code="e">author</subfield>
</datafield>
<datafield tag="720" ind1=" " ind2=" ">
<subfield code="a">Martel Martín, Sonia</subfield>
<subfield code="e">author</subfield>
</datafield>
<datafield tag="720" ind1=" " ind2=" ">
<subfield code="a">Barros García, Rocío</subfield>
<subfield code="e">author</subfield>
</datafield>
<datafield tag="260" ind1=" " ind2=" ">
<subfield code="c">2023-04</subfield>
</datafield>
<datafield tag="520" ind1=" " ind2=" ">
<subfield code="a">Environmental awareness and the necessary reduction in costs in industrial processes has facilitated the development of novel techniques such as Additive Manufacturing, decreasing the amount of raw materials and energy needed. The longing for improved materials with different and enhanced properties has resulted in research efforts in the Metal Matrix Composites field. These two novelties combined minimise environmental impacts and costs without compromising technical properties. Two technologies can feed Additive Manufacturing techniques with metallic powder: Gas Atomization and High Energy Ball Milling. This study provides a comparative Life Cycle Assessment of these technologies to produce one kilogram of metallic powder for the Directed Energy Deposition technique: a Ti6Al4V alloy, and a Ti6Al4V-TiC Metal–Matrix Composite, respectively. The LCA methodology is according to ISO 14040:2006, and large amounts of information on the use of raw materials, energy consumption, and environmental impacts is provided. Different impact categories following the Environmental Footprint methodology were analysed, showing a big difference between both technologies, with an 87.8% reduction of kg CO2 eq. emitted by High Energy Ball Milling in comparison with Gas Atomization. In addition, an economic analysis was performed, addressing the viability perspective and decision making and showing a 17.2% cost reduction in the conventional process.</subfield>
</datafield>
<datafield tag="024" ind2=" " ind1="8">
<subfield code="a">2071-1050</subfield>
</datafield>
<datafield tag="024" ind2=" " ind1="8">
<subfield code="a">http://hdl.handle.net/10259/7664</subfield>
</datafield>
<datafield tag="024" ind2=" " ind1="8">
<subfield code="a">10.3390/su15086649</subfield>
</datafield>
<datafield tag="024" ind2=" " ind1="8">
<subfield code="a">2071-1050</subfield>
</datafield>
<datafield ind1=" " ind2=" " tag="653">
<subfield code="a">Life cycle assessment</subfield>
</datafield>
<datafield ind1=" " ind2=" " tag="653">
<subfield code="a">Metal–matrix composite</subfield>
</datafield>
<datafield ind1=" " ind2=" " tag="653">
<subfield code="a">Additive manufacturing</subfield>
</datafield>
<datafield ind1=" " ind2=" " tag="653">
<subfield code="a">Titanium</subfield>
</datafield>
<datafield ind1=" " ind2=" " tag="653">
<subfield code="a">Gas atomization</subfield>
</datafield>
<datafield ind1=" " ind2=" " tag="653">
<subfield code="a">High energy ball milling</subfield>
</datafield>
<datafield tag="245" ind1="0" ind2="0">
<subfield code="a">Comparative Life Cycle Assessment and Cost Analysis of the Production of Ti6Al4V-TiC Metal–Matrix Composite Powder by High-Energy Ball Milling and Ti6Al4V Powder by Gas Atomization</subfield>
</datafield>
</record></metadata></record></GetRecord></OAI-PMH>